It looks like you're offline.
Open Library logo
additional options menu

MARC Record from Library of Congress

Record ID marc_loc_2016/BooksAll.2016.part06.utf8:477376:1108
Source Library of Congress
Download Link /show-records/marc_loc_2016/BooksAll.2016.part06.utf8:477376:1108?format=raw

LEADER: 01108cam a22002891 4500
001 64015324
003 DLC
005 20040902183852.0
008 730208r19641935ohu b 000 0 eng
010 $a 64015324
040 $aDLC$cDLC$dDLC
043 $an-us---
050 00 $aE668$b.D83 1964
082 00 $a973.8
100 1 $aDu Bois, W. E. B.$q(William Edward Burghardt),$d1868-1963.
240 10 $aBlack reconstruction
245 10 $aBlack reconstruction in America;$ban essay toward a history of the part which black folk played in the attempt to reconstruct democracy in America, 1860-1880.
260 $aCleveland,$bWorld Pub. Co.$c[1964, c1962]
300 $a746 p.$c21 cm.
490 0 $aMeridian books
500 $a"M170."
500 $aOriginally published under title: Black reconstruction. New York : Harcourt, Brace, c1935.
504 $aBibliography: p. 731-737.
650 0 $aReconstruction (U.S. history, 1865-1877)
650 0 $aAfrican Americans$xHistory$y1863-1877.
650 0 $aAfrican Americans$xPolitics and government.
650 0 $aAfrican Americans$xEmployment$xHistory$y19th century.